00610nam a2200205Ia 450000500170000000800410001702000180005804100120007608200170008810000170010524500990012226000340022130000190025565000240027465000240029865000280032270000190035070000170036970000180038620260429112300.0260429s9999||||xx |||||||||||||| ||und|| a9783111171050 aEnglish a658.403bSIN aSingh, Rubee 0aArtificial intelligence enabled management : ban emerging economy perspective / cRubee Singh aBerlin : bDe Gruyter,c2024. axi, 276 p.; hb a Business analytics a Management science aArtificial intelligence a Khan, Shahbaz a Kumar, Anil a Kumar, Vikas